00828 a2200217 4500003000400000005001700004008004100021020001800062040000900080082002200089245016500111264003400276300004200310490004100352504003600393650005300429650002500482650002800507700003400535830004100569OSt20230323112817.0220727s2018 si a||||r|||| 00| 0 eng d a9789811062612 cCHAP00a338.0954bE5522200aEmployment guarantee programme and dynamics of rural transformation in India :bchallenges and opportunities /ceditado por Madhusudan Bhattarai ... [y otros] . aSingapore :bSpringer,c2018. axxx, 360 páginas.btablas, figuras.1 aIndia Studies Business and Economics aIncluye bibliografía e index. 2aPolítica laboralxAspectos económicoszIndia 0aPobreza ruralzIndia 2aDesarrollo ruralzIndia1 aBhattarai, MadhusudaneEditor 0aIndia Studies Business and Economics